000 00870nam1a22002291i 4500
001 rc\87012
005 20260406154614.0
035 _a(NLR Aleph) 005401440
090 _a7279029
_c7279029
100 _a20021216d1992 u |0rusy50 ca
101 0 _arus
102 _aRU
105 _ay |||||||||
200 1 _aПолный сборник нормативных документов по охотничьему собаководству
_e[В 6 кн.]
_f[Информ.-внедренч. центр "Прин"]
_gСост.: П.М. Семченков
210 _aМ.
_cМЦНТИ
_d1992
215 _d20
702 1 _aСемченков
_bП.М.
_4220
712 0 2 _a"Прин", информ.-внедренческий центр
_cМосква
_3RU\NLR\AUTH\889929965
_9355507
801 0 _aRU
_bNLR
_gpsbo
801 1 _aRU
_bELAR
_2rusmarc
852 _aNLR
_j92-3/3365
942 _cBOOK